00217nam a2200097Ia 4500008004100000100001500041245003000056260000900086942000700095999001700102190216s9999||||xx |||||||||||||| ||und|| aSambashiva 0aAnimal Physiology&Ecology bNull cBK c37361d37361